000 00534nam a2200193 a 4500
005 20140412111419.0
008 070906s19uu xx 00 eng d
020 _a1-74089-327-1
050 _aREF 503.22
_bEn1s 2001
100 _aCreagh, Carson
245 _aEncyclopedia of Discovery: Science /
_cCarson Creagh.
260 _aAustralia :
_bWeldon Owen Inc,
_c2001.
300 _a224
500 _aincludes index.
650 _aScience
_xencyclopedias
650 _aScience
_xMiscellanea
999 _c105976
_d105976